000 00362nam a2200157Ia 4500
008 100122s9999 xx 000 0 und d
082 _b75192
_a137
100 _aSHARMA ROBIN S
245 _aTHE GREATNESS GUIDE-1
250 _a2
260 _c2008
300 _a221
630 _aTHE GREATNESS GUIDE-1
730 _aTHE GREATNESS GUIDE-1
942 _cBOOK
999 _c391261
_d391258